Komunikat Glównego Urzedu Statystycznego o wynikach Narodowego Spisu Powszechnego z dnia 6 grudnia 1988 r.
Stav a vývoj obyvateľstva. Obyvateľstvo v mestách a na dedinách. Feminizácia. Štruktúra obyvateľstva podľa veku. Úroveň vzdelania. Profesionálna aktivita. Zamestnanosť okrem roľníctva. Bytový fond. Zaľudnenie bytov. Komentár k sčítaniu ľudu na s. 36-37.
Gespeichert in:
| Format: | Buchkapitel |
|---|---|
| Sprache: | Polnisch |
| Schlagworte: | |
| Tags: |
Keine Tags, Fügen Sie das erste Tag hinzu!
|
MARC
| LEADER | 00000naa a2200000 4500 | ||
|---|---|---|---|
| 001 | r002162 | ||
| 005 | 20220819194201.6 | ||
| 041 | 0 | |a pol | |
| 044 | |a PL | ||
| 245 | 1 | 0 | |a Komunikat Glównego Urzedu Statystycznego o wynikach Narodowego Spisu Powszechnego z dnia 6 grudnia 1988 r. |
| 520 | |a Stav a vývoj obyvateľstva. Obyvateľstvo v mestách a na dedinách. Feminizácia. Štruktúra obyvateľstva podľa veku. Úroveň vzdelania. Profesionálna aktivita. Zamestnanosť okrem roľníctva. Bytový fond. Zaľudnenie bytov. Komentár k sčítaniu ľudu na s. 36-37. | ||
| 610 | 2 | 0 | |a sčítanie ľudu |
| 610 | 2 | 0 | |a PR |
| 610 | 2 | 0 | |a údaje štatistické |
| 610 | 2 | 0 | |a obyvateľstvo |
| 610 | 2 | 0 | |a mestá |
| 610 | 2 | 0 | |a vidiek |
| 610 | 2 | 0 | |a štruktúra obyvateľstva |
| 610 | 2 | 0 | |a vek |
| 610 | 2 | 0 | |a vzdelanie |
| 610 | 2 | 0 | |a povolania |
| 610 | 2 | 0 | |a zamestnanosť |
| 610 | 2 | 0 | |a fond bytový |